<The> Courageous Messenger How to Successfully Speak Up at Work

Gespeichert in:
Bibliographische Detailangaben
1. Verfasser: Ryan, Kathleen D.
Weitere Verfasser: Oestreich, Daniel K., Orr III, George A.
Format: Buch
Sprache:Englisch
Veröffentlicht: San Francisco Jossey-Bass Publ. 1996
Ausgabe:1. ed.
Schriftenreihe:<The> Jossey-Bass Business and Management Series
Schlagworte:
Tags: Tag hinzufügen
Keine Tags, Fügen Sie das erste Tag hinzu!

MARC

LEADER 00000nam a2200000 4500
001 c020090
005 20221205125043.9
020 |a 0-7879-0268-3 
041 0 |a eng 
044 |a US 
245 1 0 |a <The> Courageous Messenger  |b How to Successfully Speak Up at Work  |c Kathleen D. Ryan, Daniel K. Oestreich, George A. Orr III 
250 |a 1. ed. 
264 1 |a San Francisco  |b Jossey-Bass Publ.  |c 1996 
300 |a 275 s. 
490 1 |a <The> Jossey-Bass Business and Management Series 
830 0 |a <The> Jossey-Bass Business and Management Series 
610 2 0 |a komunikácia 
610 2 0 |a riadenie 
610 2 0 |a účasť na riadení 
100 1 |a Ryan, Kathleen D. 
700 1 |a Oestreich, Daniel K. 
700 1 |a Orr III, George A.